000 00801nam a2200241Ia 4500
003 OSt
005 20221005113503.0
006 a|||||r|||| 00| 0
007 ta
008 221004b |||||||| |||| 00| 0 pan d
020 _c300
024 _a14154
037 _b892, 08/09/2014, H.K. Prakashan
_cTextual
040 _aCRL
_cCRL
_bpan
041 _2pan
_apan
082 _aR4921, 153Q4
100 _aਸਿੰਘ, ਮਿਗਲਾਨੀ ਸੋਹਣ
245 0 _aਆਤਮਕ ਸਿ॥ਰ ਵੱਲ
260 _aਲੁਧਿਆਣਾ
_bਲਾਹੌਰ ਬੁਕ Fਾਪ ਭਾਰਤ
_c2014
300 _a272ਪੰ
_ccm.
942 _hR4921, 153Q4
_cTEXL
_2cc
999 _c1028350
_d1028350